Vināyakar aruṭ celvam. (Record no. 85633)

MARC details
000 -LEADER
fixed length control field 00919cam a22002771 4500
001 - CONTROL NUMBER
control field sa 68014230
003 - CONTROL NUMBER IDENTIFIER
control field DLC
005 - DATE AND TIME OF LATEST TRANSACTION
control field 20260227112629.0
008 - FIXED-LENGTH DATA ELEMENTS--GENERAL INFORMATION
fixed length control field 850406s1966 ii bd 000 0 tamx
010 ## - LIBRARY OF CONGRESS CONTROL NUMBER
LC control number sa 68014230
020 ## - INTERNATIONAL STANDARD BOOK NUMBER
Terms of availability 5.00
025 ## - OVERSEAS ACQUISITION NUMBER
Overseas acquisition number PL480:I-T-2025
035 ## - SYSTEM CONTROL NUMBER
System control number (OCoLC)13886506
040 ## - CATALOGING SOURCE
Original cataloging agency DLC
Transcribing agency NN
Modifying agency DLC
050 00 - LIBRARY OF CONGRESS CALL NUMBER
Classification number BL1225.G34
Item number S2
100 1# - MAIN ENTRY--PERSONAL NAME
Personal name Catācivam, Mu.
Fuller form of name (Murukēca Mutaliyār),
Dates associated with a name 1936-
245 10 - TITLE STATEMENT
Title Vināyakar aruṭ celvam.
Remainder of title Dictionary of epithets and names of Lord Vinayaka.
Statement of responsibility, etc. Āciriyar Mu. Catācivam. Aṇinturai: Cā. Kaẹ̄caṇ.
250 ## - EDITION STATEMENT
Edition statement [1. patippu]
260 ## - PUBLICATION, DISTRIBUTION, ETC.
Place of publication, distribution, etc. Cen̲n̲ai,
Name of publisher, distributor, etc. vir̲pan̲ai urimai: Pāri Nilaiyam
Date of publication, distribution, etc. [1966]
300 ## - PHYSICAL DESCRIPTION
Extent 238 p.
Dimensions 18 cm.
490 0# - SERIES STATEMENT
Series statement Tamil̲c Celvam,
Volume/sequential designation tokuti 1
500 ## - GENERAL NOTE
General note In Tamil.
504 ## - BIBLIOGRAPHY, ETC. NOTE
Bibliography, etc. note Bibliography: p. [19]-42.
650 #0 - SUBJECT ADDED ENTRY--TOPICAL TERM
Topical term or geographic name entry element Gaṇeśa (Hindu deity)
740 0# - ADDED ENTRY--UNCONTROLLED RELATED/ANALYTICAL TITLE
Uncontrolled related/analytical title Dictionary of epithets and names of Lord Vinayaka.

No items available.

Powered by Koha